| 000 | 00393cam a2200157ua 4500 | ||
|---|---|---|---|
| 041 |
_aeng _h |
||
| 082 |
_a669 _bLAK/EN |
||
| 100 | _aLakhtin, Y . | ||
| 245 |
_aEngineering physical metallurgy / _cY Lakhtin. _hTextual Documents |
||
| 260 |
_aMoscow : _bForeign Language Publishing House. |
||
| 300 | _a471 ; . | ||
| 504 | _a | ||
| 942 | _cBK | ||
| 999 |
_c10716 _d10716 |
||